000 00433nam a22001571a 4500
020 _c0.00
040 _aSSUS - Library - Kalady
082 _aH300 9 CHA RAJ
_bN95
100 _aArjun Chavan
245 _aRajendra Yadav ke upanyason mein madhyavargiya
_h[Text]
260 _aNew Delhi
_bRadhakrishna
_c1995
300 _a265p.
600 _aNovel Hindi Criticism
852 _9175.00
_r
942 _cBK
999 _c37128
_d37128